000 00378nam a2200121 4500
999 _c10420
_d10420
008 180829b ||||| |||| 00| 0 eng d
100 _930594
_aSotto, Anna Angelica B.
245 _aLGBT concerns greater than same-sex marriage/
_cAnna Angelica B. Sotto
260 _aDavao City
_bSun Star Davao
_cc2017
300 _apage 4.
650 0 _930596
_aHomosexuality.
942 _2ddc
_cPER